|
|
|
|
| LEADER |
00000nab a2200000 a 4500 |
| 001 |
vtls000819661 |
| 003 |
SK-MaSNL |
| 005 |
20260304112735.0 |
| 008 |
250429c2002 xo 0 slo |
| 015 |
|
|
|a SNBRB2002/12-42380
|
| 035 |
|
|
|a CLN000171316
|
| 035 |
|
|
|a urn:nbn:sk:snk-abf6sd
|
| 035 |
|
|
|a (urnnbn)urn:nbn:sk:snk:ar-0018sn
|
| 035 |
|
|
|a (uuid)bdb93d55-abfd-4f80-85da-f360efa0d10c
|
| 040 |
|
|
|a SNKBUCL
|b slo
|c SNKBUCL
|e AACR2
|
| 041 |
0 |
|
|a slo
|
| 044 |
|
|
|a xo
|c SK
|
| 080 |
|
|
|a 621.316.34:061.5
|2 1997
|
| 100 |
1 |
|
|a Petruš, Rudolf
|4 aut
|9 785378
|
| 245 |
1 |
0 |
|a Rozvádzače ABB typového radu XA
|c Rudolf Petruš
|
| 300 |
|
|
|b Obr.
|
| 610 |
2 |
7 |
|a ABB
|2 snkbucl
|9 30587
|
| 650 |
0 |
7 |
|a elektrické rozvádzače
|2 snkbucl
|9 318865
|
| 655 |
|
7 |
|a články z novín a časopisov
|2 snkbucl
|9 267496
|
| 773 |
0 |
|
|t AT&P journal
|g Roč. 9, č. 10 (2002), s. 25
|x 1335-2237
|
| 850 |
|
|
|a Slovenská národná knižnica
|
| 852 |
|
|
|a Slovenská národná knižnica
|
| 954 |
|
|
|a odborná, vedecká literatúra pôvodná (slovenská)
|2 lita
|
| 958 |
|
|
|a article23
|
| 958 |
|
|
|a OND
|
| 958 |
|
|
|a EUIPO
|
| 992 |
|
|
|a RBX
|
| 999 |
|
|
|c 2866913
|d 2868843
|